000 00244nam a22001217a 4500
003 SGT
082 _a401.9
_bC80K
100 _aKOMSHIAN, YENI
245 _aCHILD PHONOLOGY
260 _bACADEMIC PRESS
_c1980
300 _a243
942 _2ddc
_cBK
999 _c17896
_d17896